00661cam a2200193 a 450000100100000000500170001000800410002704000250006808200190009310000320011224500530014426000320019730000210022949000480025065000210029865000250031983000490034480000740039300000826720200929161324.0810323s1929 ag 000 1 spa  aDO-SdBNPbspacBNPHU aA863.44bG182j1 aGalvez, Manuel,d1882-1962.10aJornadas de agonía :bnovela /cManuel Galvez. aBuenos Aires :bTor,c1929. a176 p. ;c19 cm.1 aEscenas de la guerra del Paraguay.vno. III 4aNovela argentina 4aLiteratura argentina 0aEscenas de la guerra del Paraguay ;vno. III1 aGalvez, Manuel,d1882-1962.tEscenas de la guerra del Paraguay.vIII.